A dictionary of medical plants (Record no. 5076)

MARC details
000 -LEADER
fixed length control field 00405nam a22001697a 4500
005 - DATE AND TIME OF LATEST TRANSACTION
control field 20210908135605.0
008 - FIXED-LENGTH DATA ELEMENTS--GENERAL INFORMATION
fixed length control field 160701b xxu||||| |||| 00| 0 eng d
020 ## - INTERNATIONAL STANDARD BOOK NUMBER
ISBN 818932003-3
041 ## - LANGUAGE CODE
Language code of text/sound track or separate title eng
082 ## - DEWEY DECIMAL CLASSIFICATION NUMBER
Item number 20413
100 ## - MAIN ENTRY--AUTHOR NAME
Personal name Sandhu, AS & Singh AP
245 ## - TITLE STATEMENT
Title A dictionary of medical plants
260 ## - PUBLICATION, DISTRIBUTION, ETC. (IMPRINT)
Name of publisher black & white
Year of publication 2005
300 ## - PHYSICAL DESCRIPTION
Number of Pages 244
650 ## - SUBJECT ADDED ENTRY--TOPICAL TERM
Topical Term Agriculture
942 ## - ADDED ENTRY ELEMENTS (KOHA)
Koha item type Books
Holdings
Lost status Damaged status Collection code Home library Current library Shelving location Date acquired Source of acquisition Cost, normal purchase price Full call number Accession Number Koha item type
    Reference JRU Library JRU Library SHELF-2-D 01/07/2016 PURCHASE 695.00 615.321 20413 Books
    Reference JRU Library JRU Library SHELF-2-D 01/07/2016 PURCHASE 695.00 615.321 20414 Books